| Tag |
First Indicator |
Second Indicator |
Subfields |
| LEADER |
00000cam a2200000 a 4500 |
| 001 |
in00000010489 |
| 005 |
20151007051359.0 |
| 008 |
860401s1987 coua b 00000 eng |
| 010 |
|
|
|a 86009124
|
| 020 |
|
|
|a 0813372321 (pbk. : alk. paper) :
|c $19.50
|
| 035 |
|
|
|a (OCoLC)13455838
|
| 035 |
|
|
|9 AAA2700AM
|
| 040 |
|
|
|a DLC
|c DLC
|d TXA
|d UtOrBLW
|
| 043 |
|
|
|a a-af---
|
| 049 |
|
|
|a TXAM
|c [A11027591]
|
| 050 |
0 |
0 |
|a DS371.2
|b .A338 1987
|
| 082 |
0 |
|
|a 958/.1044
|2 19
|
| 245 |
0 |
0 |
|a Afghan resistance :
|b the politics of survival /
|c edited by Grant M. Farr and John G. Merriam.
|
| 264 |
|
1 |
|a Boulder :
|b Westview Press,
|c 1987.
|
| 300 |
|
|
|a xii, 235 pages :
|b illustrations ;
|c 23 cm.
|
| 336 |
|
|
|a text
|b txt
|2 rdacontent
|
| 337 |
|
|
|a unmediated
|b n
|2 rdamedia
|
| 338 |
|
|
|a volume
|b nc
|2 rdacarrier
|
| 490 |
1 |
|
|a Westview special studies in international relations
|
| 504 |
|
|
|a Bibliography: pages [213]-235.
|
| 651 |
|
0 |
|a Afghanistan
|x History
|y Soviet occupation, 1979-1989.
|
| 650 |
|
0 |
|a Refugees
|z Afghanistan.
|
| 650 |
|
0 |
|a Refugees
|z Pakistan.
|
| 700 |
1 |
|
|a Farr, Grant M.
|
| 700 |
1 |
|
|a Merriam, John G.
|
| 830 |
|
0 |
|a Westview special studies in international relations.
|
| 999 |
|
|
|a MARS
|
| 999 |
f |
f |
|s bfe3d0d7-7eca-3842-aaff-32b39b2c991f
|i 59cd1eac-ffe8-3a2b-9bcf-6d75704b09a0
|t 0
|
| 952 |
f |
f |
|p ric
|a Texas A&M University
|b Rellis Campus
|c Joint Library Facility
|d Remote Storage
|t 0
|e DS371.2 .A338 1987
|h Library of Congress classification
|i unmediated -- volume
|m A14811027591
|
| 998 |
f |
f |
|a DS371.2 .A338 1987
|t 0
|l Remote Storage
|